[Event "Alcorcon Spring op-B 1st"]
[Site "Alcorcon"]
[Date "2019.04.28"]
[Round "5"]
[White "Rivera Rodriguez, Luis Fernando"]
[Black "Roldan Criado, Angel"]
[Result "1-0"]
[WhiteElo "1529"]
[BlackElo "1357"]
[PlyCount "69"]
[EventDate "2019.03.24"]
[EventType "swiss"]
[EventRounds "9"]
[EventCountry "ESP"]
[SourceTitle "EXT 2020"]
[Source "ChessBase"]
[SourceDate "2019.10.17"]
[SourceVersion "1"]
[SourceVersionDate "2019.10.17"]
[SourceQuality "1"]

1. e4 d6 2. d4 Nf6 3. Nc3 g6 4. Bc4 Bg7 5. f3 Nc6 6. Be3 Na5 7. Bd3 Nc6 8. Qd2 Ng8 9. Nge2 Nb4 10. Bc4 Nc6 11. Ng3 e5 12. Bb5 Bd7 13. Bxc6 Bxc6 14. d5 Bd7 15. h4 h5 16. Nge2 Bh6 17. f4 f6 18. g3 a6 19. Nc1 Bg4 20. Nd3 Qd7 21. a4 Bf3 22. Rh2 Rh7 23. b3 Re7 24. fxe5 Bxe3 25. Qxe3 Qg4 26. Rf2 Qxg3 27. Qxf3 Qxf3 28. Rxf3 fxe5 29. Ke2 Kd7 30. Rg1 Rg7 31. Nf2 Nh6 32. Ncd1 Re8 33. Ne3 Ke7 34. Nh3 Nf7 35. Nf5+ 1-0

[Event "Madrid San Viator op-B 29th"]
[Site "Madrid"]
[Date "2017.11.12"]
[Round "9"]
[White "Rivera Rodriguez, Luis Fernando"]
[Black "Haering Hijon, Javier"]
[Result "0-1"]
[WhiteElo "1458"]
[BlackElo "1344"]
[PlyCount "56"]
[EventDate "2017.09.17"]
[EventType "swiss"]
[EventRounds "9"]
[EventCountry "ESP"]
[SourceTitle "EXT 2019"]
[Source "ChessBase"]
[SourceDate "2018.10.10"]
[SourceVersion "1"]
[SourceVersionDate "2018.10.10"]
[SourceQuality "1"]

1. e4 e5 2. Nf3 Nc6 3. Bc4 Bc5 4. c3 Nf6 5. d3 d6 6. b4 Bb6 7. a4 a5 8. b5 Ne7 9. Nbd2 0-0 10. h3 Ng6 11. 0-0 Re8 12. Qb3 Be6 13. Ng5 d5 14. exd5 Bxd5 15. Bxd5 Qxd5 16. c4 Qd7 17. Nge4 Nxe4 18. Nxe4 Bd4 19. Ra2 b6 20. Be3 Rad8 21. Rd2 Ne7 22. Bg5 h6 23. Bxh6 f5 24. Ng5 gxh6 25. c5+ Qd5 26. Qxd5+ Nxd5 27. Nf3 Bxc5 28. Re1 Bb4 0-1

[Event "Madrid San Viator op-B 29th"]
[Site "Madrid"]
[Date "2017.11.01"]
[Round "7"]
[White "Rivera Rodriguez, Luis Fernando"]
[Black "Mateos Cordero, Francisco"]
[Result "1-0"]
[WhiteElo "1458"]
[BlackElo "1618"]
[PlyCount "47"]
[EventDate "2017.09.17"]
[EventType "swiss"]
[EventRounds "9"]
[EventCountry "ESP"]
[SourceTitle "EXT 2019"]
[Source "ChessBase"]
[SourceDate "2018.10.10"]
[SourceVersion "1"]
[SourceVersionDate "2018.10.10"]
[SourceQuality "1"]

1. e4 c5 2. Nf3 e6 3. c3 a6 4. d4 cxd4 5. cxd4 Qc7 6. Nc3 d6 7. Bf4 Qb6 8. Na4 Qd8 9. Qc2 Bd7 10. Be2 Nf6 11. 0-0 Nxe4 12. Qxe4 Bxa4 13. Qxb7 Bc6 14. Qb3 Nd7 15. Rac1 Rb8 16. Qa3 Bxf3 17. Bxf3 d5 18. Qxa6 Rxb2 19. Rc8 Be7 20. Rxd8+ Bxd8 21. Qa4 Rb7 22. Bd6 Bc7 23. Bxc7 Rxc7 24. Qa8+ 1-0

[Event "Madrid San Viator op-B 29th"]
[Site "Madrid"]
[Date "2017.10.29"]
[Round "6"]
[White "Prieto Gonzalez, Cesar"]
[Black "Rivera Rodriguez, Luis Fernando"]
[Result "1/2-1/2"]
[WhiteElo "1535"]
[BlackElo "1458"]
[PlyCount "123"]
[EventDate "2017.09.17"]
[EventType "swiss"]
[EventRounds "9"]
[EventCountry "ESP"]
[SourceTitle "EXT 2019"]
[Source "ChessBase"]
[SourceDate "2018.10.10"]
[SourceVersion "1"]
[SourceVersionDate "2018.10.10"]
[SourceQuality "1"]

1. e4 e5 2. Nf3 Nc6 3. Bb5 a6 4. Ba4 Bc5 5. 0-0 b5 6. Bb3 Nf6 7. d3 d6 8. c3 0-0 9. Re1 Be6 10. Bg5 h6 11. Bh4 Qe7 12. Nbd2 Bb6 13. Nf1 Rfe8 14. Ne3 Bxe3 15. fxe3 Qd8 16. Rf1 Rf8 17. Bxf6 Bxb3 18. Bxd8 Bxd1 19. Bxc7 Be2 20. Rf2 Bxd3 21. Bxd6 Rfe8 22. Nd2 Rad8 23. Ba3 Rd7 24. Nb3 Rdd8 25. Nc5 a5 26. b3 b4 27. Bb2 bxc3 28. Bxc3 Nb4 29. Rd2 Bb5 30. Bxb4 axb4 31. Rad1 Ra8 32. Rc2 Kf8 33. Rdd2 Rac8 34. Kf2 Ke7 35. Ke1 Rc7 36. Na4 Rxc2 37. Rxc2 Bxa4 38. bxa4 Ra8 39. Rc7+ Kf8 40. Rc5 f6 41. a5 Ra7 42. Kd2 Ke7 43. Kd3 Rd7+ 44. Rd5 Rc7 45. Kd2 Rc3 46. Rd3 Rc4 47. Rb3 Kd7 48. Kd3 Rc5 49. Rxb4 Rxa5 50. Rb7+ Ke6 51. Rxg7 Rxa2 52. Rg6 Kf7 53. Rg3 h5 54. h4 Rb2 55. Kc3 Ra2 56. Kd3 Rb2 57. Kc4 Rc2+ 58. Kd3 Ra2 59. Kc3 Re2 60. Kd3 Rb2 61. Kc3 Ra2 62. Kd3 1/2-1/2

[Event "Madrid San Viator op-B 29th"]
[Site "Madrid"]
[Date "2017.10.22"]
[Round "5"]
[White "Rivera Rodriguez, Luis Fernando"]
[Black "Gomez Logrosan, Cristian"]
[Result "0-1"]
[WhiteElo "1458"]
[BlackElo "1638"]
[PlyCount "68"]
[EventDate "2017.09.17"]
[EventType "swiss"]
[EventRounds "9"]
[EventCountry "ESP"]
[SourceTitle "EXT 2019"]
[Source "ChessBase"]
[SourceDate "2018.10.10"]
[SourceVersion "1"]
[SourceVersionDate "2018.10.10"]
[SourceQuality "1"]

1. e4 c5 2. Nf3 d6 3. Bb5+ Bd7 4. Bxd7+ Qxd7 5. d4 cxd4 6. Nxd4 Nf6 7. Nc3 e6 8. f3 Be7 9. Be3 0-0 10. 0-0 Nc6 11. Nb3 Ne5 12. Qe2 Rfc8 13. Rfd1 Qc6 14. Na5 Qc7 15. Nb3 Nc4 16. Nb5 Qb8 17. Rab1 a6 18. Nc3 Nxb2 19. Rxb2 Rxc3 20. Na5 b5 21. Bd4 Rc8 22. Rdb1 Qc7 23. Nb3 Nd7 24. Qf2 Ne5 25. Bb6 Qb8 26. Na5 Nc4 27. Nxc4 Rxc4 28. Be3 Qc7 29. Bb6 Qc6 30. Rd1 Rc8 31. Rd2 h6 32. Bd4 Bd8 33. Kf1 Ba5 34. Re2 Rxd4 0-1

[Event "Madrid San Viator op-B 27th"]
[Site "Madrid"]
[Date "2016.10.02"]
[Round "2"]
[White "Del Noval Nemeshazi, Mario"]
[Black "Rivera Rodriguez, Luis Fernando"]
[Result "1-0"]
[WhiteElo "1304"]
[BlackElo "1394"]
[PlyCount "103"]
[EventDate "2016.09.25"]
[EventType "swiss"]
[EventRounds "9"]
[EventCountry "ESP"]
[SourceTitle "EXT 2017"]
[Source "ChessBase"]
[SourceDate "2016.10.25"]
[SourceVersion "1"]
[SourceVersionDate "2016.10.25"]
[SourceQuality "1"]

1. e4 e5 2. Nf3 Nc6 3. d4 d6 4. dxe5 Qe7 5. Bb5 Bd7 6. Bxc6 Bxc6 7. Qd4 f6 8. exd6 Qxd6 9. Qxd6 Bxd6 10. Nc3 0-0-0 11. a3 Re8 12. Nd2 Bf4 13. f3 f5 14. 0-0 Be3+ 15. Kh1 Bxd2 16. Bxd2 fxe4 17. fxe4 Bxe4 18. Nxe4 Rxe4 19. Rf8+ Kd7 20. Bc3 Re7 21. Rd1+ Kc6 22. Rdd8 h6 23. Rxg8 Rh7 24. Rh8 g5 25. Rxh7 Rxh7 26. Rh8 Re7 27. Rxh6+ Kd7 28. Rg6 Re2 29. Rxg5 Rxc2 30. h4 Re2 31. h5 Re4 32. g3 Re6 33. Rg6 Rxg6 34. hxg6 Ke7 35. g7 Kf7 36. g4 Kg8 37. Kg2 Kf7 38. Kf3 c6 39. Ke4 b6 40. g5 Kg8 41. Kf5 c5 42. Ke6 a6 43. Kd6 c4 44. Kc6 b5 45. Kb6 Kh7 46. Kxa6 Kg8 47. Kxb5 Kh7 48. a4 Kg8 49. a5 Kh7 50. a6 Kg8 51. a7 Kh7 52. a8Q 1-0

[Event "Madrid San Viator op-B 26th"]
[Site "Madrid"]
[Date "2016.05.15"]
[Round "6"]
[White "Rivera Rodriguez, Luis Fernando"]
[Black "Benitez Cadenas, Luis Miguel"]
[Result "0-1"]
[WhiteElo "1329"]
[BlackElo "1663"]
[PlyCount "120"]
[EventDate "2016.04.03"]
[EventType "swiss"]
[EventRounds "9"]
[EventCountry "ESP"]
[SourceTitle "EXT 2017"]
[Source "ChessBase"]
[SourceDate "2016.10.25"]
[SourceVersion "1"]
[SourceVersionDate "2016.10.25"]
[SourceQuality "1"]

1. e4 e6 2. d4 d5 3. e5 c5 4. c3 Nc6 5. Nf3 Qb6 6. Be2 Nh6 7. 0-0 Nf5 8. Be3 Qxb2 9. Qd2 Qxd2 10. Nbxd2 cxd4 11. Nxd4 Nxe3 12. fxe3 Nxe5 13. Rab1 Rb8 14. Nb5 Bc5 15. Nc7+ Kd8 16. Na6 Bxe3+ 17. Kh1 Ra8 18. Nf3 Nxf3 19. Rxf3 Bb6 20. Nb4 Rf8 21. Rbf1 f6 22. Bd3 h6 23. g3 Rf7 24. Bg6 Re7 25. Bh5 Bd7 26. Nd3 Rc8 27. Nb4 Ba4 28. a3 a5 29. Na2 Bc7 30. Re3 Bd6 31. Rfe1 Kd7 32. Bg4 f5 33. Bh3 g6 34. g4 Rc4 35. gxf5 gxf5 36. Rb1 Bc6 37. Bg2 Bxa3 38. Rb3 Bc5 39. Re1 Ra4 40. Re2 Ra3 41. Rxa3 Bxa3 42. Rd2 Bb5 43. h4 Bc4 44. Bf3 Rg7 45. Kh2 Bd6+ 46. Kh1 Rg3 47. Bg2 b6 48. Rc2 Bxa2 49. Rxa2 Rxc3 50. Kg1 Rc4 51. h5 Bc5+ 52. Kh2 Rh4+ 53. Kg3 Rxh5 54. Bf3 Bd6+ 55. Kf2 Rh2+ 56. Bg2 e5 57. Rb2 e4 58. Rxb6 Bc5+ 59. Kg3 Rxg2+ 60. Kxg2 Bxb6 0-1

[Event "Madrid San Viator op-B 26th"]
[Site "Madrid"]
[Date "2016.04.03"]
[Round "1"]
[White "Rivera Rodriguez, Luis Fernando"]
[Black "Gortazar Rubial, Javier Maria"]
[Result "1-0"]
[WhiteElo "1329"]
[BlackElo "1582"]
[PlyCount "93"]
[EventDate "2016.04.03"]
[EventType "swiss"]
[EventRounds "9"]
[EventCountry "ESP"]
[SourceTitle "EXT 2017"]
[Source "ChessBase"]
[SourceDate "2016.10.25"]
[SourceVersion "1"]
[SourceVersionDate "2016.10.25"]
[SourceQuality "1"]

1. e4 e5 2. Nf3 Nc6 3. Bc4 Bc5 4. c3 Nf6 5. d4 exd4 6. cxd4 Bb4+ 7. Nc3 Nxe4 8. 0-0 Bxc3 9. bxc3 d5 10. Qe2 0-0 11. Bd3 Re8 12. Re1 Bg4 13. h3 Bd7 14. Bxe4 Rxe4 15. Be3 Qf6 16. Nd2 Re6 17. Qf3 Qxf3 18. Nxf3 Rae8 19. Re2 Na5 20. Ng5 R6e7 21. Nf3 Nc4 22. Rae1 f5 23. g3 f4 24. gxf4 Bxh3 25. Kh2 Bf5 26. Ne5 Re6 27. f3 Nxe3 28. Rxe3 b6 29. Kg3 c5 30. a3 cxd4 31. cxd4 Rh6 32. Ng4 Rxe3 33. Nxh6+ gxh6 34. Rxe3 Kf7 35. Kh4 b5 36. Kh5 a5 37. Kxh6 Bc2 38. Rc3 Bd1 39. Kxh7 b4 40. axb4 axb4 41. Rc7+ Ke6 42. Rb7 b3 43. Kg6 Kd6 44. f5 Bc2 45. Rxb3 Bxb3 46. f6 Bc2+ 47. Kg7 1-0

[Event "Madrid San Viator op-B 25th"]
[Site "Madrid"]
[Date "2015.10.04"]
[Round "1"]
[White "Rivera Rodriguez, Luis Fernando"]
[Black "Mora Gonzalez Rojas, Francisco"]
[Result "1/2-1/2"]
[WhiteElo "1245"]
[BlackElo "1557"]
[PlyCount "157"]
[EventDate "2015.10.04"]
[EventType "swiss"]
[EventRounds "9"]
[EventCountry "ESP"]
[SourceTitle "EXT 2019"]
[Source "ChessBase"]
[SourceDate "2018.10.10"]
[SourceVersion "1"]
[SourceVersionDate "2018.10.10"]
[SourceQuality "1"]

1. e4 e5 2. Nf3 d6 3. Bc4 h6 4. c3 Nf6 5. d3 Bg4 6. h3 Bh5 7. Nbd2 Be7 8. Nf1 0-0 9. Ng3 Bg6 10. Be3 Nc6 11. 0-0 a6 12. Qc2 Na5 13. Bb3 Nxb3 14. axb3 Nh5 15. b4 Nxg3 16. fxg3 Bf6 17. Nh2 d5 18. Ng4 h5 19. Nxf6+ gxf6 20. exd5 Qxd5 21. Rxf6 Qxd3 22. Qxd3 Bxd3 23. Rd1 Kg7 24. Bh6+ Kxf6 25. Bxf8 e4 26. Bc5 Re8 27. Be3 Kf5 28. Kf2 c6 29. b3 Rd8 30. c4 Ra8 31. Rd2 a5 32. b5 cxb5 33. cxb5 a4 34. bxa4 Rxa4 35. b6 Rc4 36. Bf4 Rc2 37. Rxc2 Bxc2 38. Ke3 Bd3 39. Bc7 Bf1 40. Kf2 Bd3 41. Bd8 Bc2 42. Bc7 Bd3 43. Bf4 Bc2 44. Be3 Bd3 45. Ke1 Bc2 46. Kf2 Bd3 47. Kg1 Be2 48. Kh2 Bd1 49. h4 Bg4 50. Kg1 Be2 51. Kh2 Bg4 52. Bd2 Ke5 53. Be3 Kd5 54. Kg1 Kc4 55. Kf2 Kd3 56. Bg5 Bd1 57. Bc1 Bg4 58. Be3 Be2 59. Bd4 f5 60. Be3 Bg4 61. Bf4 Be2 62. Bh6 Bd1 63. Bg5 Bg4 64. Be3 Be2 65. Bc5 Kd2 66. Bb4+ Kd3 67. Bc5 Bd1 68. Ke1 Bg4 69. Kf2 Be2 70. Be3 Bg4 71. Bf4 Be2 72. Bc1 Bd1 73. Be3 Bg4 74. Bc5 Be2 75. Be3 Bg4 76. Bf4 Be2 77. Bc1 Bg4 78. Bf4 Be2 79. Bg5 1/2-1/2